书目信息 |
| 题名: |
建筑透视阴影
|
|
| 作者: | 乐荷卿 , 陈美华 , 邹丹 主编 | |
| 分册: | ||
| 出版信息: | 长沙 湖南大学出版社 2019.08 |
|
| 页数: | 452页 | |
| 开本: | 26cm | |
| 丛书名: | ||
| 单 册: | ||
| 中图分类: | TU204 | |
| 科图分类: | ||
| 主题词: | 建筑制图--jian zhu zhi tu--透视投影--高等教育--教材 | |
| 电子资源: | ||
| ISBN: | 978-7-5667-1772-6 | |
| 000 | 01258nam0 2200277 450 | |
| 001 | 2069641395 | |
| 005 | 20201107192052.38 | |
| 010 | @a978-7-5667-1772-6@dCNY68.00 | |
| 100 | @a20191016d2019 em y0chiy50 ea | |
| 101 | 0 | @achi |
| 102 | @aCN@b430000 | |
| 105 | @aak a 000yy | |
| 200 | 1 | @a建筑透视阴影@Ajian zhu tou shi yin ying@f主编乐荷卿, 陈美华, 邹丹 |
| 205 | @a第6版 | |
| 210 | @a长沙@c湖南大学出版社@d2019.08 | |
| 215 | @a452页@c图@d26cm | |
| 320 | @a有书目 (第452页) | |
| 330 | @a本书的内容包括: 绪论、建筑制图基本知识、投影的基本知识、投影的基本原理、投影变换、曲线与曲面、建筑形体的表面交线、建筑形体的表达方法、轴测投影、建筑结构施工图、标高投影、建筑阴影的基本作法、平面建筑形体的阴影、曲面建筑形体的阴影、透视投影的基本作法、灭点法作建筑透视图、建筑透视图的选择、量点法作建筑透视图、曲面体的透视、透视图的实用画法、三点透视、建筑透视阴影、倒影和虚像、计算机绘图、建筑画配景共25章。 | |
| 333 | @a普通高等教育国家级精品教材 普通高等教育“十一五”国家级规划教材 | |
| 606 | 0 | @a建筑制图@Ajian zhu zhi tu@x透视投影@x高等教育@j教材 |
| 690 | @aTU204@v5 | |
| 701 | 0 | @a乐荷卿@Ayue he qing@4主编 |
| 701 | 0 | @a陈美华@Achen mei hua@4主编 |
| 701 | 0 | @a邹丹@Azou dan@4主编 |
| 801 | 0 | @aCN@b人天书店@c20201015 |
| 905 | @aZUCC@dTU204@eL074 | |
| 建筑透视阴影/主编乐荷卿, 陈美华, 邹丹.-第6版.-长沙:湖南大学出版社,2019.08 |
| 452页:图;26cm |
| 使用对象:普通高等教育国家级精品教材 普通高等教育“十一五”国家级规划教材 |
| ISBN 978-7-5667-1772-6:CNY68.00 |
| 本书的内容包括: 绪论、建筑制图基本知识、投影的基本知识、投影的基本原理、投影变换、曲线与曲面、建筑形体的表面交线、建筑形体的表达方法、轴测投影、建筑结构施工图、标高投影、建筑阴影的基本作法、平面建筑形体的阴影、曲面建筑形体的阴影、透视投影的基本作法、灭点法作建筑透视图、建筑透视图的选择、量点法作建筑透视图、曲面体的透视、透视图的实用画法、三点透视、建筑透视阴影、倒影和虚像、计算机绘图、建筑画配景共25章。 |
| ● |
| 相关链接 |
|
|
|
正题名:建筑透视阴影
索取号:TU204/L074
 
预约/预借
| 序号 | 登录号 | 条形码 | 馆藏地/架位号 | 状态 | 备注 |
| 1 | 1486773 | 214867731 | 建筑库101/101建筑库 108排4列6层/ [索取号:TU204/L074] | 在馆 | |
| 2 | 1486774 | 214867740 | 建筑库101/101建筑库 108排4列6层/ [索取号:TU204/L074] | 在馆 |